GEO CHAP 4 - Statistiques

Statistiques générales
  • Ce quiz a été pris 6 fois
  • Le résultat moyen est 12 sur 21
Statistiques - réponses
Hint Réponse % Correct
Grecs tentent de se détacher de l'E Ottoman 1824
100%
Grèce independante de l'E Ottoman ET Belgique independante de R des PB 1830
100%
Louis XVIII (Restauration) 1814 - 1824
75%
Assassinat du Duc de Berry 1820
75%
Charles X (Restauration) 1824 - 1830
75%
Serbes se détachent d'E Ottoman 1829
75%
Louis Philippe (Monarchie de Juillet) 1830 - 1848
75%
Italiens de Piemont Sardaigne tentent de liberer ceux de l'E d'Autriche ET Polonais tentent de se détacher de l'E Russe 1831
75%
Printemps des Peuples 1848
75%
3 Glorieuses 27-28-29 Juillet 1830
75%
Abdiquation de CX 02 Aout 1830
50%
Emeutes à Paris 23 Fevrier 1848
50%
Abdiquation de LP 24 Fevrier 1848
50%
Interdiction des "Banquets des Republicains" Fevrier 1848
50%
Congrès de Vienne Sept 1814 - Juin 1815
50%
Sainte Alliance Sept 1815
50%
Nation Ensemble de personnes qui possedent des points communs (langue histoire culture religion) et qui ont le desir de vivre ensemble
25%
Etat Nation Etat qui correspond à une nation
25%
Minorité nationale Groupe d'habitants qui, à l'interieur d'un état s'individualisent d'un POV ethnique linguistique culturel religieux et ou qui aspire à s'émanciper en obtenant son autonomie ou son independance ou le rattachement à des groupes identiques dans d'autres pays
0%
Mouvement National Mouvement politique qui vise a obtenir pour un peuple soumis à une autorité étrangère son independance et ou est en faveur de l'union politique de peuples divisés en plusieurs Etats
0%
Empire Multinational Vaste territoire avec une autorité politique qui comprend de nombreuses nations
0%
Aucun quiz correspondant
Distribution des résultats
% des personnes avec chaque résultat
Percentile par nombre de réponses
Votre historique - résultats
Vous n’avez pas pris ce quiz